000 01304nam a2200385 c 4500
001 23876
003 ES-MaCES
005 20161018143404.0
008 110701s2011 sp t 000 | spa d
017 _aBI 1251-2011
_bDL
020 _a9788490041147
035 _aCES20110005432m
040 _aES-MaCES
_bspa
_cES-MaCES
100 1 _aBlasco Lahoz, José Francisco
_97894
245 1 0 _aSeguridad Social
_b: régimen general, regímenes especiales y prestaciones no contributivas
_cJosé Francisco Blasco Lahoz
260 _aValencia
_bTirant lo Blanch
_c[2011]
300 _a1437 p.
_c24 cm
490 1 _aEsfera
504 _aBibliografía
541 _cCompra
650 4 _aseguridad social
_927034
650 4 _aadministración de la seguridad social
_930264
650 4 _arégimen universal de prestaciones
_930153
650 4 _aregímenes especiales de Seguridad Social
_931067
650 4 _aprestaciones no contributivas
_930900
650 4 _alegislación de seguridad social
_929855
650 4 _acampo de aplicación
_930263
650 4 _aEspaña
_926964
650 4 _arégimen jurídico
_929894
653 1 0 _aSeguridad Social
830 0 _aTirant lo Blanch esfera
_934434
902 _aLIB Libro
942 _2CES
_cBK
_h3.0.
999 _c23876
_d23876